| 000 | 00363nam a2200121Ia 4500 | ||
|---|---|---|---|
| 008 | 241015s9999 xx 000 0 und d | ||
| 041 | _aeng | ||
| 082 | _a339 GRO | ||
| 100 | _aSchmitt-Grohe Stephanie | ||
| 245 | _aInternational Macroeconomics: A Modern Approach A Modern Approach | ||
| 260 |
_bPrinceton University Pres _aNew York _c2022 |
||
| 300 | _a466;. p. 25 cm | ||
| 999 |
_c41607 _d41607 |
||